000 00471nam a2200181Ia 4500
005 20250326141057.0
008 250326s9999 xx 000 0 und d
037 _aTextbook
040 _aFMSL
_beng
_cFMSL
041 _aeng
_2eng
084 _aX:5.1 N5
_qFMSL
100 _aVarma M L
245 0 _aInternational trade
_cVarma M L
260 _aNew Delhi
_bNew Delhi, Vikas
_c1995
300 _a292p
942 _cTB
_hX:5.1 N5
999 _c1288598
_d1288598